| 000 | 00578nam a2200169 i 4500 | ||
|---|---|---|---|
| 001 | 52679 | ||
| 003 | ES-MaACL | ||
| 005 | 20230906162627.0 | ||
| 007 | t| | ||
| 008 | 030902s1969 sp ||||1| spa d | ||
| 100 | 1 |
_aDeane, Norman. _943099 |
|
| 245 | 1 | 0 |
_aRiñón y electrolitos _b: principios de diagnóstico clínico y de fluidoterapia / _cNorman Deane ; versión, Juan Sabater Tobella. |
| 260 |
_aBarcelona : _bEd. Científico-Médica, _c1969. |
||
| 300 |
_aXI, 209 p. : _bil. ; _c25 cm. |
||
| 700 | 1 |
_aSabater Tobella, Juan. _9101180 |
|
| 852 |
_aES-MaACL _jC-41292 _bR.68922 |
||
| 999 |
_c52679 _d52679 |
||